[Event "47. NSV Senioren EM 2013"]
[Site "Sottrum"]
[Date "2013.03.09"]
[Round "1.1"]
[White "Piastowski, Kurt"]
[Black "Pape, Manfred"]
[Result "1/2-1/2"]
[WhiteElo "1702"]
[BlackElo "2040"]
[PlyCount "46"]
[EventDate "2013.??.??"]
[WhiteTeam "SC Turm Lueneburg e.V."]
[BlackTeam "SK Bad Harzburg"]

1. d4 Nf6 2. Nf3 g6 3. e3 Bg7 4. Nbd2 O-O 5. c4 d6 6. b3 c5 7. Bb2 Nc6 8. d5
Nb4 9. a3 Na6 10. Bd3 Bd7 11. Qc2 Nc7 12. O-O b5 13. e4 bxc4 14. bxc4 Rb8 15.
Rab1 e5 16. Bc3 Ra8 17. Ba5 Nfe8 18. Rb2 f5 19. Rfb1 f4 20. Rb7 g5 21. Qb2 g4
22. Ne1 g3 23. Ndf3 gxh2+ 1/2-1/2

[Event "47. NSV Senioren EM 2013"]
[Site "Sottrum"]
[Date "2013.03.09"]
[Round "1.2"]
[White "Szenetra, Werner"]
[Black "Boettger, Reiner"]
[Result "0-1"]
[WhiteElo "2022"]
[BlackElo "1686"]
[PlyCount "67"]
[EventDate "2013.??.??"]
[WhiteTeam "SV Berenbostel"]
[BlackTeam "Blau-Weiss Buchholz"]

1. Nf3 Nf6 2. d3 b6 3. g3 Bb7 4. Bg2 e6 5. O-O d5 6. Nbd2 Bd6 7. e4 dxe4 8.
dxe4 e5 9. Qe2 O-O 10. Re1 Qe7 11. Nh4 g6 12. Nc4 Ba6 13. Bf1 Qe6 14. Nf3 Nc6
15. Ng5 Qxc4 16. Qf3 Qxc2 17. Bxa6 Kg7 18. Bd3 Qa4 19. b3 Qa5 20. Bb2 Bc5 21.
Qd1 Rfd8 22. a3 Qxe1+ 23. Qxe1 Rxd3 24. b4 Bd4 25. Bxd4 Nxd4 26. Rd1 Rxa3 27.
Rxd4 exd4 28. e5 Nd5 29. Qe4 Rd8 30. Qxd4 Ne3 31. fxe3 Rxd4 32. exd4 h6 33. Ne4
Rd3 34. Nf6 0-1

[Event "47. NSV Senioren EM 2013"]
[Site "Sottrum"]
[Date "2013.03.09"]
[Round "1.3"]
[White "Fischer, Manfred"]
[Black "Jentsch, Dieter"]
[Result "0-1"]
[WhiteElo "1686"]
[BlackElo "1995"]
[PlyCount "44"]
[EventDate "2013.??.??"]
[WhiteTeam "SK Verden"]
[BlackTeam "SC Wolfsburg"]

1. e4 e6 2. d4 d5 3. exd5 exd5 4. Bd3 c5 5. dxc5 Bxc5 6. Nc3 Nf6 7. Bg5 Be6 8.
Nf3 Nbd7 9. O-O O-O 10. a3 a6 11. Qd2 b5 12. Rfe1 Qb6 13. b4 Bd6 14. Nd4 Rac8
15. Re3 h6 16. Bxf6 Nxf6 17. g3 Ng4 18. Re2 Be5 19. Rxe5 Nxe5 20. Nde2 Bg4 21.
Kg2 Qf6 22. f4 Nf3 0-1

[Event "47. NSV Senioren EM 2013"]
[Site "Sottrum"]
[Date "2013.03.09"]
[Round "1.4"]
[White "Grimm, Uwe"]
[Black "Hoose, Hannelore"]
[Result "1-0"]
[WhiteElo "1991"]
[BlackElo "1621"]
[PlyCount "173"]
[EventDate "2013.??.??"]
[WhiteTeam "MTV Dannenberg"]
[BlackTeam "SC Vahr"]

1. d4 d5 2. Nf3 Nf6 3. Bf4 Nbd7 4. e3 Nh5 5. Bg3 Nxg3 6. hxg3 c6 7. Nbd2 Nf6 8.
Bd3 g6 9. c3 Bg7 10. Qc2 Bg4 11. Ne5 Qc8 12. Rh4 Bf5 13. Bxf5 Qxf5 14. Qxf5
gxf5 15. Ke2 e6 16. Rah1 Ke7 17. f3 Rag8 18. Kf2 h6 19. a4 Nd7 20. Nd3 Bf8 21.
a5 Kd6 22. c4 dxc4 23. Nxc4+ Kc7 24. R4h3 Rh7 25. Rg1 Bg7 26. b3 Bf6 27. Rgh1
Bg7 28. Nf4 Rb8 29. Rc1 a6 30. Nd3 Bf6 31. Rh5 Rg8 32. Nf4 Bg5 33. Ne2 Bf6 34.
Rh3 Rb8 35. Rch1 Bg7 36. g4 fxg4 37. fxg4 Rbh8 38. g5 Bf8 39. g6 fxg6 40. Nf4
Rf7 41. Ke2 Rf6 42. Ne5 Rg8 43. g4 Kd6 44. Nfd3 Kc7 45. g5 hxg5 46. Rh7 Rg7 47.
Rxg7 Bxg7 48. Nxd7 Kxd7 49. Rh7 Rf7 50. Ne5+ Ke7 51. Nxf7 Kxf7 52. Kf3 Kg8 53.
Rh1 e5 54. dxe5 Bxe5 55. Rg1 Bf6 56. Rd1 Bc3 57. Rd7 Bxa5 58. Rxb7 c5 59. e4
Bb4 60. Rb6 Kf7 61. Rxa6 Bc3 62. Rc6 Bd4 63. Kg4 Be3 64. e5 Kg7 65. Rc7+ Kf8
66. e6 Bf4 67. Rxc5 Ke7 68. Rc6 Bd6 69. Kxg5 Kxe6 70. Kxg6 Kd5 71. Rc2 Bb4 72.
Kf7 Ke5 73. Ke8 Kf5 74. Kd7 Ke5 75. Kc6 Kf6 76. Rc4 Be1 77. b4 Bg3 78. Re4 Kf5
79. Re8 Kf6 80. b5 Kf7 81. Re2 Kf8 82. b6 Kf7 83. b7 Kf8 84. Kd7 Kf7 85. Re8
Bh2 86. b8=Q Bxb8 87. Rxb8 1-0

[Event "47. NSV Senioren EM 2013"]
[Site "Sottrum"]
[Date "2013.03.09"]
[Round "1.5"]
[White "Gilde, Guenter"]
[Black "Rychlik, Kurt"]
[Result "0-1"]
[WhiteElo "1602"]
[BlackElo "1970"]
[PlyCount "103"]
[EventDate "2013.??.??"]
[WhiteTeam "SC Sottrum"]
[BlackTeam "SV Berenbostel"]

1. e4 c5 2. Nc3 Nc6 3. f4 e6 4. Nf3 g6 5. g3 Bg7 6. Bg2 Nge7 7. b3 O-O 8. Bb2
d5 9. d3 dxe4 10. dxe4 Qa5 11. Qd2 Rd8 12. Qe3 Bd4 13. Qd2 Bg7 14. Qe3 Nb4 15.
Qc1 Nxa2 16. O-O Nxc1 17. Rxa5 Bxc3 18. Bxc3 Ne2+ 19. Kh1 Nxc3 20. Rxc5 Nxe4
21. Rc4 Nf6 22. Ne5 Ned5 23. Rd1 Bd7 24. Rcd4 Kf8 25. c4 Nb6 26. Bxb7 Rab8 27.
Ba6 Ke7 28. c5 Nbd5 29. c6 Be8 30. Bb7 Nc7 31. g4 Rxd4 32. Rxd4 Rd8 33. Ra4
Nfd5 34. Kg2 f6 35. Nf3 Rd6 36. Rxa7 Bxc6 37. Bxc6 Rxc6 38. Nd4 Ra6 39. Rb7
Nxf4+ 40. Kf3 Nfd5 41. b4 Rb6 42. Ra7 Rxb4 43. Nc6+ Kd6 44. Nxb4 Nxb4 45. Ke4
f5+ 46. gxf5 gxf5+ 47. Kf3 Nbd5 48. Rb7 e5 49. Rb8 e4+ 50. Ke2 Ke5 51. Rh8 Nf6
52. Rc8 0-1

[Event "47. NSV Senioren EM 2013"]
[Site "Sottrum"]
[Date "2013.03.09"]
[Round "1.6"]
[White "Davydov, Mihail"]
[Black "Drechsel, Dieter"]
[Result "1-0"]
[WhiteElo "1924"]
[BlackElo "1550"]
[PlyCount "69"]
[EventDate "2013.??.??"]
[WhiteTeam "SK Neustadt"]
[BlackTeam "SV Caissa Wolfenbuettel"]

1. e4 e6 2. d4 d5 3. Nd2 Nf6 4. e5 Nfd7 5. Bd3 c5 6. c3 Nc6 7. Ne2 Qb6 8. Nf3
cxd4 9. cxd4 Be7 10. O-O O-O 11. Re1 Bb4 12. Nc3 Ne7 13. Bxh7+ Kh8 14. Bc2 f5
15. Ng5 g6 16. Bf4 Kg7 17. h4 Rh8 18. g3 Rh5 19. Qd3 Nf8 20. a3 Bxc3 21. Qxc3
Bd7 22. b4 Rc8 23. Qb2 a5 24. Bd1 Rh8 25. Rb1 axb4 26. Qxb4 Qxb4 27. Rxb4 b5
28. Nf3 Rc4 29. Rb3 Ra4 30. Be2 Nh7 31. Bxb5 Bxb5 32. Rxb5 Rxa3 33. Rb7 Re8 34.
Kg2 Kg8 35. Rc1 1-0

[Event "47. NSV Senioren EM 2013"]
[Site "Sottrum"]
[Date "2013.03.09"]
[Round "1.7"]
[White "Schumann, Wolfgang"]
[Black "Buse, Detlef"]
[Result "1/2-1/2"]
[WhiteElo "1544"]
[BlackElo "1917"]
[PlyCount "108"]
[EventDate "2013.??.??"]
[WhiteTeam "Eystruper SK"]
[BlackTeam "SAbt SV Werder Bremen"]

1. e4 e5 2. Nf3 Nc6 3. d4 exd4 4. Nxd4 Nf6 5. Bg5 Be7 6. Nc3 Nxe4 7. Nxc6 bxc6
8. Bxe7 Qxe7 9. Nxe4 Qxe4+ 10. Qe2 Qxe2+ 11. Bxe2 d5 12. O-O-O Be6 13. Rhe1 O-O
14. Bf3 Rfd8 15. c4 Rab8 16. Re3 Rb4 17. cxd5 cxd5 18. Bxd5 Kf8 19. Bxe6 Rxd1+
20. Kxd1 fxe6 21. Kc2 Ke7 22. g3 Rb5 23. h4 Kd6 24. Rd3+ Rd5 25. Rf3 g5 26.
hxg5 Rxg5 27. Rd3+ Rd5 28. Rf3 h5 29. Re3 e5 30. b4 Rd4 31. a3 Kd5 32. Rd3 c5
33. bxc5 Kxc5 34. Rc3+ Kd5 35. Rd3 a5 36. Kd2 a4 37. Ke3 Kc4 38. Rxd4+ exd4+
39. Kd2 Kb3 40. f4 Kxa3 41. f5 Kb3 42. f6 a3 43. f7 a2 44. f8=Q a1=Q 45. Qf7+
Kb4 46. Qb7+ Kc5 47. Qf3 Qb2+ 48. Kd1 Kc4 49. Qc6+ Kb3 50. Qb6+ Kc3 51. Qxb2+
Kxb2 52. Kd2 Kb1 53. Kd3 Kc1 54. Kxd4 Kd1 1/2-1/2

[Event "47. NSV Senioren EM 2013"]
[Site "Sottrum"]
[Date "2013.03.09"]
[Round "1.8"]
[White "Meyer, Irmin"]
[Black "Becker, Bodo"]
[Result "1/2-1/2"]
[WhiteElo "1884"]
[BlackElo "1474"]
[PlyCount "58"]
[EventDate "2013.??.??"]
[WhiteTeam "SAbt SV Werder Bremen"]
[BlackTeam "SC Sottrum"]

1. e4 e5 2. Nf3 Nc6 3. Bb5 a6 4. Ba4 Nf6 5. d4 Nxd4 6. Nxd4 exd4 7. e5 Qe7 8.
O-O Nd5 9. c3 b5 10. Bb3 Bb7 11. cxd4 O-O-O 12. Qf3 Nb4 13. Qg3 h6 14. Nc3 g5
15. a3 Nc6 16. Nd5 Qe8 17. Be3 d6 18. Rac1 dxe5 19. dxe5 Bg7 20. f4 Rd7 21. Ba2
Kb8 22. Rc5 Ne7 23. Nf6 Bxf6 24. exf6 Nc8 25. fxg5 hxg5 26. Rfc1 Nd6 27. Re5
Qd8 28. Bxg5 Rg8 29. h4 Qxf6 1/2-1/2

[Event "47. NSV Senioren EM 2013"]
[Site "Sottrum"]
[Date "2013.03.09"]
[Round "1.9"]
[White "Montag, Gottfried"]
[Black "Zotin, Vladimir"]
[Result "1-0"]
[WhiteElo "1462"]
[BlackElo "1795"]
[Annotator "Zotin, Vladimir"]
[PlyCount "61"]
[EventDate "2013.??.??"]
[WhiteTeam "SK Neustadt"]
[BlackTeam "Wilhelmshavener SC von 1887 e. V"]

1. e4 g6 2. d4 Bg7 3. Nf3 d6 4. Nc3 c6 5. Be3 Nf6 6. Qd2 b5 7. Bd3 O-O 8. O-O
Bg4 9. Ne1 a5 10. h3 Na6 $2 11. hxg4 Nxg4 12. f3 Nf6 13. Bh6 Qb6 14. Ne2 e5 15.
c3 c5 16. Bxg7 Kxg7 17. Bc2 Rac8 18. Kh1 Nh5 19. g4 Nf6 20. Rc1 Rfe8 21. d5 Qd8
22. Qg5 Qd7 23. Ng3 Ng8 24. Rf2 h6 25. Qh4 c4 26. Rh2 Qa7 27. Ng2 Qf2 $4 28.
Nf5+ gxf5 29. Qxf2 fxg4 30. fxg4 Nf6 31. Rf1 1-0

[Event "47. NSV Senioren EM 2013"]
[Site "Sottrum"]
[Date "2013.03.09"]
[Round "1.11"]
[White "Witt, Manfred"]
[Black "Kuenitz, Bernhard"]
[Result "0-1"]
[WhiteElo "1184"]
[BlackElo "1757"]
[Annotator "Witt, Manfred"]
[PlyCount "62"]
[EventDate "2013.??.??"]
[WhiteTeam "SC Sottrum"]
[BlackTeam "SAbt SV Werder Bremen"]

1. e4 e5 2. Nf3 Nc6 3. Bc4 Bc5 4. c3 d6 5. h3 Nf6 6. d3 h6 7. a3 O-O 8. b4 Bb6
9. O-O a5 10. b5 Ne7 11. a4 c6 12. Qe2 Ng6 13. Kh2 Bd7 14. Be3 d5 15. exd5 cxd5
16. Bb3 Bc7 17. Kh1 Re8 18. Qc2 Qc8 19. Ng1 b6 20. Nd2 Qb7 21. Ndf3 Rac8 22.
Rae1 Bb8 23. Qb1 Qc7 24. g3 Qb7 25. Kh2 Rxc3 26. Bd2 Rcc8 27. Ne2 Bf5 28. Nc3
Qd7 29. g4 Bxg4 30. hxg4 Qxg4 31. Ng1 Nh4 0-1

[Event "47. NSV Senioren EM 2013"]
[Site "Sottrum"]
[Date "2013.03.09"]
[Round "1.12"]
[White "Klein, Manfred"]
[Black "Flasche-Alke, Hartmut"]
[Result "1-0"]
[WhiteElo "1729"]
[BlackElo "1162"]
[PlyCount "51"]
[EventDate "2013.??.??"]
[WhiteTeam "SC Sottrum"]
[BlackTeam "Findorffer Sfr"]

1. d4 d5 2. c4 e6 3. Nf3 Nf6 4. Bg5 Be7 5. Nc3 dxc4 6. e3 Bd7 7. Bxc4 Bc6 8.
O-O Nbd7 9. Qe2 Ne4 10. Nxe4 Bxe4 11. Bxe7 Qxe7 12. Nd2 Bd5 13. Bxd5 exd5 14.
Qb5 c6 15. Qxb7 Rb8 16. Qxc6 Rxb2 17. Rab1 Rxb1 18. Rxb1 O-O 19. Rb7 Rd8 20.
Qxd5 Nf6 21. Rxe7 Rxd5 22. Rxa7 Kf8 23. a4 Nd7 24. Nc4 Ke7 25. Nb6 Rd6 26. Nc8+
1-0

[Event "47. NSV Senioren EM 2013"]
[Site "Sottrum"]
[Date "2013.03.09"]
[Round "2.1"]
[White "Jentsch, Dieter"]
[Black "Gudat, Alfons"]
[Result "1-0"]
[WhiteElo "1995"]
[BlackElo "1760"]
[Annotator "Piehl,Reinhard"]
[PlyCount "26"]
[EventDate "2013.??.??"]
[WhiteTeam "SC Wolfsburg"]
[BlackTeam "SK Union Oldenburg"]

1. e4 c5 2. Nf3 Nc6 3. Bb5 e6 4. O-O Nge7 5. c3 a6 6. Ba4 b5 7. Bc2 d6 8. d4
cxd4 9. cxd4 Bb7 10. Nc3 d5 11. Bg5 h6 12. Bh4 g5 13. Bg3 Bg7 {..... Rest
nicht lesbar} 1-0

[Event "47. NSV Senioren EM 2013"]
[Site "Sottrum"]
[Date "2013.03.09"]
[Round "2.2"]
[White "Kuenitz, Bernhard"]
[Black "Grimm, Uwe"]
[Result "0-1"]
[WhiteElo "1757"]
[BlackElo "1991"]
[PlyCount "63"]
[EventDate "2013.??.??"]
[WhiteTeam "SAbt SV Werder Bremen"]
[BlackTeam "MTV Dannenberg"]

1. c4 Nc6 2. Nc3 Nf6 3. e4 e5 4. Nf3 d6 5. d3 Bg4 6. Be2 Be7 7. Nd5 O-O 8. h3
Bd7 9. O-O h6 10. Be3 Re8 11. Nxe7+ Qxe7 12. Qd2 Kh7 13. Kh2 a5 14. Rg1 Ng8 15.
g4 g6 16. g5 h5 17. Nh4 Rf8 18. Rg3 Qe6 19. Rag1 Nce7 20. Qd1 f5 21. gxf6 Nxf6
22. Nxg6 Nxg6 23. Bxh5 Nf4 24. Bg4 Nxg4+ 25. Rxg4 Qh6 26. Bxf4 Rxf4 27. Rg7+
Qxg7 28. Rxg7+ Kxg7 29. Qg1+ Kf6 30. d4 Rh8 31. dxe5+ dxe5 32. Qd1 0-1

[Event "47. NSV Senioren EM 2013"]
[Site "Sottrum"]
[Date "2013.03.09"]
[Round "2.3"]
[White "Rychlik, Kurt"]
[Black "Klein, Manfred"]
[Result "1-0"]
[WhiteElo "1970"]
[BlackElo "1729"]
[PlyCount "71"]
[EventDate "2013.??.??"]
[WhiteTeam "SV Berenbostel"]
[BlackTeam "SC Sottrum"]

1. Nf3 g6 2. e4 Bg7 3. d4 d6 4. c4 Nf6 5. Nc3 O-O 6. Be2 Bd7 7. h3 Nc6 8. Bg5
h6 9. Be3 h5 10. d5 Nb4 11. a3 Na6 12. Rc1 Nh7 13. g4 hxg4 14. hxg4 e5 15. Kd2
c6 16. Qg1 Nc5 17. Kc2 Nf6 18. Ng5 a5 19. Qh2 Qb6 20. f3 Rfc8 21. Nh7 Nxh7 22.
Qxh7+ Kf8 23. Bh6 Bxh6 24. Qxh6+ Ke8 25. Qg5 Be6 26. dxe6 Nxe6 27. Qf6 d5 28.
Rh8+ Kd7 29. Qxf7+ Kd6 30. Rxc8 Rxc8 31. Qxg6 d4 32. Na4 Qd8 33. c5+ Ke7 34.
Bc4 d3+ 35. Kb1 Qd7 36. Nb6 1-0

[Event "47. NSV Senioren EM 2013"]
[Site "Sottrum"]
[Date "2013.03.09"]
[Round "2.4"]
[White "Boettger, Reiner"]
[Black "Davydov, Mihail"]
[Result "1/2-1/2"]
[WhiteElo "1686"]
[BlackElo "1924"]
[PlyCount "28"]
[EventDate "2013.??.??"]
[WhiteTeam "Blau-Weiss Buchholz"]
[BlackTeam "SK Neustadt"]

1. e4 c6 2. d4 d5 3. exd5 cxd5 4. c4 Nf6 5. Nc3 g6 6. Qb3 Bg7 7. cxd5 O-O 8.
Bg5 Nbd7 9. Be2 Nb6 10. Bxf6 Bxf6 11. Rd1 e6 12. Bf3 exd5 13. Bxd5 Nxd5 14.
Nxd5 Qa5+ 1/2-1/2

[Event "47. NSV Senioren EM 2013"]
[Site "Sottrum"]
[Date "2013.03.09"]
[Round "2.5"]
[White "Pape, Manfred"]
[Black "Montag, Gottfried"]
[Result "1-0"]
[WhiteElo "2040"]
[BlackElo "1462"]
[PlyCount "93"]
[EventDate "2013.??.??"]
[WhiteTeam "SK Bad Harzburg"]
[BlackTeam "SK Neustadt"]

1. Nf3 d5 2. g3 Nf6 3. Bg2 c6 4. d3 Bf5 5. Nbd2 Nbd7 6. c4 e6 7. O-O h6 8. a3
a5 9. b3 Bd6 10. Bb2 O-O 11. Ra2 Re8 12. Qa1 e5 13. cxd5 cxd5 14. Re1 Rb8 15.
e4 dxe4 16. dxe4 Be6 17. Nc4 Bxc4 18. bxc4 Qc7 19. Nd2 Nc5 20. Qb1 b6 21. Qc2
a4 22. Bc3 Qa7 23. Rb1 Nfd7 24. Bb4 Nf8 25. Bh3 Nfe6 26. Bxe6 Rxe6 27. Rab2 Rf6
28. Rd1 Bf8 29. Qb1 Re6 30. Nf1 Nb3 31. Bxf8 Kxf8 32. Ne3 Rc6 33. Rd5 Qe7 34.
Qd1 Ke8 35. Ra2 Rd8 36. Nf5 Qf6 37. Nxg7+ Kf8 38. Rxd8+ Kxg7 39. Qg4+ Qg6 40.
Qxg6+ Kxg6 41. Rd5 Nd4 42. Kg2 f6 43. f4 Rxc4 44. fxe5 fxe5 45. Rd6+ Kg7 46.
Rxb6 Nb3 47. Rb4 1-0

[Event "47. NSV Senioren EM 2013"]
[Site "Sottrum"]
[Date "2013.03.09"]
[Round "2.6"]
[White "Buse, Detlef"]
[Black "Piastowski, Kurt"]
[Result "0-1"]
[WhiteElo "1917"]
[BlackElo "1702"]
[PlyCount "82"]
[EventDate "2013.??.??"]
[WhiteTeam "SAbt SV Werder Bremen"]
[BlackTeam "SC Turm Lueneburg e.V."]

1. e4 d6 2. d4 Nf6 3. Nc3 c6 4. Be3 Qc7 5. Qd2 e5 6. h3 Nbd7 7. a4 Be7 8. Be2
a5 9. f4 exd4 10. Bxd4 Nc5 11. Qe3 O-O 12. g4 Nfd7 13. g5 Ne6 14. Nf3 Nxd4 15.
Nxd4 Nb6 16. O-O-O Re8 17. Qf3 Be6 18. Rhg1 d5 19. f5 dxe4 20. Nxe4 Bd5 21. Bd3
Qe5 22. f6 Bc5 23. g6 fxg6 24. f7+ Bxf7 25. Nxc5 Qxc5 26. Rg4 Nd5 27. Rh4 Nf6
28. Rg1 Rad8 29. c3 Qe5 30. Kb1 Qe3 31. Qd1 c5 32. Bxg6 Bxg6+ 33. Rxg6 Qe1 34.
Rxg7+ Kxg7 35. Nf5+ Kf8 36. Qxe1 Rxe1+ 37. Kc2 Re2+ 38. Kb3 Re4 39. Rh6 Kf7 40.
Ng3 Re3 41. Nf5 Rf3 0-1

[Event "47. NSV Senioren EM 2013"]
[Site "Sottrum"]
[Date "2013.03.09"]
[Round "2.7"]
[White "Becker, Bodo"]
[Black "Schumann, Wolfgang"]
[Result "1-0"]
[WhiteElo "1474"]
[BlackElo "1544"]
[PlyCount "68"]
[EventDate "2013.??.??"]
[WhiteTeam "SC Sottrum"]
[BlackTeam "Eystruper SK"]

1. e4 d5 2. exd5 Qxd5 3. Nc3 Qd6 4. d4 a6 5. Nf3 Nf6 6. Be2 Bf5 7. O-O Nc6 8.
Re1 O-O-O 9. Be3 e6 10. Ne5 Nxe5 11. dxe5 Qxe5 12. Qc1 Nd5 13. Nxd5 Rxd5 14.
Bf3 Rd7 15. Bf4 Qc5 16. c3 h6 17. Re5 Qe7 18. Qe3 Kb8 19. b4 g5 20. Bg3 h5 21.
h3 Bg7 22. Ra5 Rd3 23. Qe2 Qd7 24. Re1 g4 25. Be4 Bxe4 26. Qxe4 h4 27. Bf4 Rd1
28. Rxd1 Qxd1+ 29. Kh2 g3+ 30. fxg3 hxg3+ 31. Bxg3 Rd8 32. Rc5 Rc8 33. b5 axb5
34. Rxb5 b6 1-0

[Event "47. NSV Senioren EM 2013"]
[Site "Sottrum"]
[Date "2013.03.09"]
[Round "2.8"]
[White "Piehl, Reinhard"]
[Black "Meyer, Irmin"]
[Result "0-1"]
[WhiteElo "1802"]
[BlackElo "1884"]
[Annotator "Piehl,Reinhard"]
[PlyCount "134"]
[EventDate "2013.??.??"]
[WhiteTeam "SC Sottrum"]
[BlackTeam "SAbt SV Werder Bremen"]

1. d4 Nf6 2. c4 e6 3. Nc3 Bb4 4. Bg5 c5 5. d5 exd5 6. cxd5 O-O 7. a3 Ba5 8. d6
Re8 9. Nf3 Nc6 10. e3 a6 11. Be2 b5 12. O-O h6 13. Bh4 Bxc3 14. bxc3 Re6 15. a4
Rb8 16. axb5 axb5 17. Bd3 g6 18. e4 Qf8 19. e5 Ng4 20. Bg3 Ngxe5 21. Nxe5 Nxe5
22. Bc2 Bb7 23. Qc1 Rc8 24. Qf4 Rce8 25. Rad1 Qg7 26. Bb3 c4 27. Bc2 f5 28. Qd4
Nf7 29. Qxg7+ Kxg7 30. f4 Nxd6 31. Bf2 Bc6 32. Bd4+ Kf7 33. Be5 Nb7 34. Rd2 d6
35. Bd4 Re2 36. Rf2 Re1+ 37. Rf1 Rxf1+ 38. Kxf1 Re6 39. Kf2 Ke7 40. h3 Nc5 41.
g4 fxg4 42. f5 gxf5 43. Bxf5 Ne4+ 44. Bxe4 Rxe4 45. Kg3 gxh3 46. Kxh3 Bd7+ 47.
Kg3 h5 48. Rh2 Rg4+ 49. Kf3 Bc6+ 50. Ke3 Re4+ 51. Kd2 Be8 52. Be3 Re5 53. Bf4
Rd5+ 54. Kc1 Rd3 55. Kb2 Bf7 56. Bg5+ Kd7 57. Bf6 b4 58. cxb4 Rb3+ 59. Kc2 Rxb4
60. Rh4 Rb5 61. Bc3 Rf5 62. Bb4 Kc6 63. Rd4 d5 64. Be7 Bg6 65. Kc3 Re5 66. Bf6
Re4 67. Rxe4 Bxe4 {.....} 0-1

[Event "47. NSV Senioren EM 2013"]
[Site "Sottrum"]
[Date "2013.03.09"]
[Round "2.9"]
[White "Drechsel, Dieter"]
[Black "Szenetra, Werner"]
[Result "0-1"]
[WhiteElo "1550"]
[BlackElo "2022"]
[PlyCount "50"]
[EventDate "2013.??.??"]
[WhiteTeam "SV Caissa Wolfenbuettel"]
[BlackTeam "SV Berenbostel"]

1. d4 g6 2. c4 Bg7 3. Nc3 d6 4. e4 Nc6 5. Be3 e5 6. d5 Nce7 7. Qd2 f5 8. f3 Nf6
9. Bd3 O-O 10. Bg5 fxe4 11. Nxe4 Nf5 12. Ne2 Qe8 13. Nxf6+ Bxf6 14. O-O-O Qe7
15. Bxf6 Qxf6 16. Rdf1 Bd7 17. Rf2 Rae8 18. Rhf1 a6 19. Nc3 Nd4 20. h4 Qxh4 21.
Ne4 Qf4 22. Qxf4 exf4 23. Kd2 Nf5 24. Kc3 b5 25. c5 Ne3 0-1

[Event "47. NSV Senioren EM 2013"]
[Site "Sottrum"]
[Date "2013.03.09"]
[Round "2.10"]
[White "Zotin, Vladimir"]
[Black "Newerla, Alfred"]
[Result "1-0"]
[WhiteElo "1795"]
[BlackElo "1514"]
[PlyCount "103"]
[EventDate "2013.??.??"]
[WhiteTeam "Wilhelmshavener SC von 1887 e. V"]
[BlackTeam "SC Hasetal Herzlake"]

1. e4 c5 2. c3 e6 3. d4 cxd4 4. cxd4 Bb4+ 5. Nc3 Ne7 6. Nf3 O-O 7. a3 Bxc3+ 8.
bxc3 d5 9. Bd3 dxe4 10. Bxe4 Nd5 11. O-O Nf6 12. Bc2 Qc7 13. Qd3 Nbd7 14. Bg5
h6 15. Bh4 b6 16. Bg3 Qd8 17. Rfe1 Bb7 18. Ne5 Qc8 19. Bh4 Ba6 20. Qd2 Re8 21.
Nxd7 Nxd7 22. Re3 Nf8 23. Rae1 Qd7 24. f4 Bc4 25. Qf2 f5 26. h3 Ng6 27. g4 Nxh4
28. Qxh4 Qf7 29. gxf5 exf5 30. Re5 Qg6+ 31. Kf2 Rxe5 32. Rxe5 Re8 33. Bxf5 Qc6
34. Qg4 Rf8 35. Ke3 Bf7 36. Kd2 Qc4 37. Bc2 Qa2 38. Qf5 g6 39. Qf6 Qxc2+ 40.
Kxc2 Bb3+ 41. Kxb3 Rxf6 42. Re4 Kf7 43. c4 Rf5 44. Kb4 Rh5 45. c5 bxc5+ 46.
dxc5 a5+ 47. Kb5 Rxh3 48. a4 Rc3 49. Kb6 h5 50. c6 h4 51. c7 h3 52. Re3 1-0

[Event "47. NSV Senioren EM 2013"]
[Site "Sottrum"]
[Date "2013.03.09"]
[Round "2.12"]
[White "Hoose, Hannelore"]
[Black "Witt, Manfred"]
[Result "1-0"]
[WhiteElo "1621"]
[BlackElo "1184"]
[PlyCount "60"]
[EventDate "2013.??.??"]
[WhiteTeam "SC Vahr"]
[BlackTeam "SC Sottrum"]

1. e4 e5 2. Nf3 Nc6 3. Bc4 Nf6 4. Ng5 d5 5. exd5 Nxd5 6. Nxf7 Kxf7 7. Qf3+ Ke7
8. Bxd5 Nd4 9. Qf7+ Kd6 10. Bb3 Be6 11. Bxe6 Nxe6 12. O-O Qf6 13. Qxf6 gxf6 14.
c3 Bh6 15. Na3 Rhg8 16. Nc4+ Kd7 17. d3 Bxc1 18. Raxc1 Nf4 19. Kh1 Rad8 20. g3
Nxd3 21. Rcd1 Kc8 22. Rd2 Nc5 23. Re2 Rd3 24. Kg2 Rgd8 25. Rc1 a6 26. Rcc2 Re8
27. f3 Rg8 28. Ne3 Re8 29. Ng4 Re6 30. Nf2 f5 1-0

[Event "47. NSV Senioren EM 2013"]
[Site "Sottrum"]
[Date "2013.03.09"]
[Round "2.13"]
[White "Flasche-Alke, Hartmut"]
[Black "Gilde, Guenter"]
[Result "0-1"]
[WhiteElo "1162"]
[BlackElo "1602"]
[PlyCount "94"]
[EventDate "2013.??.??"]
[WhiteTeam "Findorffer Sfr"]
[BlackTeam "SC Sottrum"]

1. d4 Nf6 2. c4 e5 3. dxe5 Ng4 4. Nf3 Nc6 5. e3 Ngxe5 6. Bd2 d6 7. Be2 Bg4 8.
b4 Bxf3 9. gxf3 a6 10. Rg1 Qh4 11. Rh1 Nxc4 12. Bxc4 Qxc4 13. a3 Ne5 14. Bc3
Be7 15. Qe2 Qxe2+ 16. Kxe2 Bf6 17. Ra2 Nd7 18. Bd2 O-O 19. Rc2 c6 20. Rg1 d5
21. Bc1 Rae8 22. f4 Nb6 23. Kd3 Nc4 24. Nd2 b5 25. Nf3 Re7 26. h4 Rc7 27. h5 a5
28. Rg4 axb4 29. axb4 Be7 30. Kc3 Ra8 31. f5 Nd6 32. Nd4 Ne4+ 33. Kb3 Rac8 34.
h6 g6 35. fxg6 fxg6 36. Ne6 Ra7 37. Bb2 Ra4 38. Ba3 Rca8 39. Rxc6 Rxa3+ 40. Kc2
Ra2+ 41. Kc1 Ra1+ 42. Kc2 R8a2+ 43. Kb3 Nd2+ 44. Kc3 Rc1+ 45. Kd4 Rxc6 46. Rf4
Rxe6 47. Kxd5 Rf6 0-1

[Event "47. NSV Senioren EM 2013"]
[Site "Sottrum"]
[Date "2013.03.11"]
[Round "3.1"]
[White "Grimm, Uwe"]
[Black "Jentsch, Dieter"]
[Result "0-1"]
[WhiteElo "1991"]
[BlackElo "1995"]
[PlyCount "107"]
[EventDate "2013.??.??"]
[WhiteTeam "MTV Dannenberg"]
[BlackTeam "SC Wolfsburg"]

1. f4 d5 2. Nf3 Nc6 3. e3 Bg4 4. Bb5 e6 5. Bxc6+ bxc6 6. O-O Bd6 7. b3 Nf6 8.
Bb2 O-O 9. Qe1 c5 10. Qh4 Bf5 11. d3 Be7 12. Qg3 Bg6 13. Ne5 Qd6 14. Nd2 Rfd8
15. a4 Nd7 16. e4 Bf6 17. Rae1 Bxe5 18. fxe5 Qb6 19. exd5 exd5 20. Kh1 Re8 21.
Rf2 Re6 22. Nf3 Rae8 23. Ref1 d4 24. Bc1 Nxe5 25. Bf4 Nxf3 26. Bxc7 Qc6 27.
gxf3 Rf6 28. Be5 Rf5 29. Bf4 Bh5 30. Rg1 Qf6 31. Bg5 Rxg5 32. Qxg5 Bxf3+ 33.
Rxf3 Qxf3+ 34. Qg2 Qxg2+ 35. Rxg2 Re1+ 36. Rg1 Re2 37. Rg4 f5 38. Rf4 Re5 39.
h4 a5 40. Kg2 h6 41. h5 Kf7 42. Rf2 Kf6 43. Kh3 Re1 44. Kg2 Kg5 45. Kh2 Re7 46.
Kh3 Rf7 47. Kg3 f4+ 48. Kf3 Kxh5 49. Re2 g5 50. Re5 Kh4 51. Rxc5 g4+ 52. Kf2 f3
53. Kf1 Kg3 54. Rxa5 0-1

[Event "47. NSV Senioren EM 2013"]
[Site "Sottrum"]
[Date "2013.03.11"]
[Round "3.2"]
[White "Davydov, Mihail"]
[Black "Rychlik, Kurt"]
[Result "1/2-1/2"]
[WhiteElo "1924"]
[BlackElo "1970"]
[PlyCount "64"]
[EventDate "2013.??.??"]
[WhiteTeam "SK Neustadt"]
[BlackTeam "SV Berenbostel"]

1. c4 Nf6 2. Nc3 e5 3. g3 Nc6 4. Bg2 d6 5. d3 h6 6. Rb1 Be7 7. b4 O-O 8. e3 a6
9. Nge2 Bg4 10. h3 Be6 11. O-O Qd7 12. Kh2 d5 13. b5 axb5 14. cxb5 Nd8 15. d4
e4 16. a4 g5 17. Qb3 Ne8 18. Ba3 Bxa3 19. Qxa3 Nd6 20. Qb4 Nc4 21. Nd1 f5 22.
Nb2 Nd6 23. Rfc1 c6 24. b6 N8f7 25. a5 Nc4 26. Nxc4 dxc4 27. Nc3 Qd6 28. Na4
Qxb4 29. Rxb4 Rxa5 30. Nc5 Bc8 31. Bf1 Nd6 32. Bxc4+ Nxc4 1/2-1/2

[Event "47. NSV Senioren EM 2013"]
[Site "Sottrum"]
[Date "2013.03.11"]
[Round "3.3"]
[White "Meyer, Irmin"]
[Black "Pape, Manfred"]
[Result "0-1"]
[WhiteElo "1884"]
[BlackElo "2040"]
[PlyCount "91"]
[EventDate "2013.??.??"]
[WhiteTeam "SAbt SV Werder Bremen"]
[BlackTeam "SK Bad Harzburg"]

1. e4 g6 2. d4 Bg7 3. Nc3 c6 4. f4 d6 5. Nf3 Nf6 6. Bd3 O-O 7. O-O e5 8. Kh1
exd4 9. Nxd4 Nbd7 10. Be3 Nc5 11. Nf3 Qe7 12. Re1 Bd7 13. Bg1 Ne6 14. f5 Nc7
15. e5 dxe5 16. Rxe5 Qd8 17. fxg6 hxg6 18. Qe1 Nfd5 19. Re2 Nxc3 20. bxc3 Bg4
21. Rb1 Bxf3 22. gxf3 Qf6 23. Be4 Nb5 24. Bd4 Qf4 25. Be3 Qc7 26. Rb3 b6 27. a4
Nd6 28. Bf4 Rad8 29. Rd2 Qe7 30. Re2 Rfe8 31. Bd3 Qf6 32. Rxe8+ Rxe8 33. Qg3
Nb7 34. c4 Qa1+ 35. Kg2 Nc5 36. Be4 Qxa4 37. Re3 Nxe4 38. Rxe4 Qxc2+ 39. Qf2
Qxf2+ 40. Kxf2 Rxe4 41. fxe4 Bd4+ 42. Ke2 f6 43. h3 Kf7 44. Bb8 a5 45. Kd3 Bc5
46. Bf4 0-1